00287nam a2200121Ia 45000030006000000080041000060400015000471000036000622450029000982600009001275460012001360050017001480STCL150530s9999 xx 000 0 und d aSTCLcSTCL aUmberto Eco; William Weaver; Tr aIsland of the day before c1996 aEnglish20220125171156.0